Visualizzazione normale
Vista MARC
- Griffiths Trevor R.
di Personal Name
Records bibliografici associati: 1
001 - CONTROL NUMBER
- control field: 48898
003 - CONTROL NUMBER IDENTIFIER
- control field: IT-RoPau
005 - DATE AND TIME OF LATEST TRANSACTION
- control field: 20151201215530.0
008 - FIXED-LENGTH DATA ELEMENTS
- fixed length control field: 151201|| aca||aabn | a|a d
040 ## - CATALOGING SOURCE
- Original cataloging agency: IT-RoPau
- Transcribing agency: IT-RoPau
100 ## - HEADING--PERSONAL NAME
- Personal name: Griffiths Trevor R.
- Relator term: (soggetto)
- Miscellaneous information: Codice Soggetto 2° SPICS: 12615
670 ## - SOURCE DATA FOUND
- Source citation: Work cat.: (IT-RoPau)106814: Beatty Warren Codice regista SPICS: 9426 48894, REDS REDS (Rif. Codice opera principale : 63189)